100 sélections en équipe de France - Mort subite - Statistiques

Statistiques générales
  • Ce quiz a été pris 603 fois
  • Le résultat moyen est 3 sur 9
Answers on the Grid
Answers color-coded by a green-red scale on the quiz's grid according to % correct below.
Hugo Lloris
Antoine Griezmann
Paul Pogba
Karim Benzema
Bixente Lizarazu
Lilian Thuram
Laurent Blanc
Didier Deschamps
Olivier Giroud
Raphaël Varane
Kylian Mbappe
Thierry Henry
Zinedine Zidane
Michel Platini
Fabien Barthez
Emmanuel Petit
Sylvain Wiltord
Marcel Desailly
Claude Makelele
Patrice Evra
Patrick Vieira
Franck Ribery
William Gallas
Robert Pirès
Moussa Sissoko
 
Statistiques - réponses
Réponse % Correct
Hugo Lloris
94%
Antoine Griezmann
84%
Lilian Thuram
38%
Olivier Giroud
30%
Zinedine Zidane
26%
Thierry Henry
24%
Didier Deschamps
22%
Marcel Desailly
17%
Patrick Vieira
13%
Aucun quiz correspondant
Distribution des résultats
% des personnes avec chaque résultat
Percentile par nombre de réponses
Votre historique - résultats
Vous n’avez pas pris ce quiz